[Event "Kathmandu Open 2018"]
[Site "Kathmandu"]
[Date "2018.04.15"]
[Round "7"]
[White "L'Ami, Alina"]
[Black "Saptorshi Gupta"]
[Result "0-1"]
[WhiteElo "2316"]
[BlackElo "2080"]
[Annotator "NA"]
[PlyCount "80"]
[EventDate "2018.??.??"]
[EventType "swiss"]
[EventCountry "NEP"]
[SourceTitle "playchess.com"]
[Source "ChessBase"]
[SourceQuality "1"]
[TimeControl "5400+30"]

{[%evp 21,80,33,61,25,53,36,67,0,0,87,0,-156,-173,-165,-175,-170,-179,-292,-215,-277,-284,-358,-386,-465,-505,-461,-581,-669,-787,-748,-593,-284,-883,-420,-666,-526,-468,-916,-970,-1057,-1195,-1593,-1112,-1438,-1204,-1928,-29978,-6411,-29981,-2297,-29972,-5469,-6411,-29996,-29993,-29993,-29993,-29993,-29990,-29990,-29991]} 1. d4 Nf6 2. c4 e6 3. Nc3 Bb4 4. Bg5 c5 5. d5 Bxc3+ 6. bxc3 d6 7. e3 e5 8. Bd3 {E30: Nimzo-Indian: Leningrad Variation} (8. Qc2 Nbd7 9. Nf3 h6 10. Bh4 Qe7 11. Nd2 g5 12. Bg3 Nh5 13. Bd3 Kd8 14. O-O-O Kc7 15. f3 Nxg3 16. hxg3 Nf6 17. g4 Bd7 18. Rh2 h5 19. gxh5 Rxh5 20. Rxh5 Nxh5 21. g4 Nf6 22. Rh1 e4 23. Nxe4 Re8 24. Nxf6 Qxf6 25. Be4 Qe5 26. Kb2 Bxg4 {½-½ (26) Jianu,V (2535)-Asrian,K (2623) Heraklio 2007}) 8... Nbd7 9. Qb1 $146 ({Predecessor:} 9. e4 h6 10. Be3 Nf8 11. f3 Nh5 12. Ne2 Qh4+ 13. Kd2 Qf6 14. Rb1 Nd7 15. Nc1 Nf4 {½-½ (50) Soural,J (2189)-Hinks Edwards,T (2361) Czech Republic 2017}) 9... Nf8 10. Nf3 {[%emt 0:43:20]} Ng6 {[%emt 0:21:51]} 11. h4 {[%emt 0:51:34]} Ne7 {[%emt 0:31:08]} 12. Nd2 {[%emt 0:57:17]} h6 13. Bxf6 $1 {[%emt 0:57:34]} gxf6 {[%emt 0:34:46]} 14. Ne4 {[%emt 0:59:01]} (14. e4 $16) 14... f5 {[%emt 0:36:21]} 15. Nf6+ {[%emt 1:02:32]} Kf8 {[%emt 0:36:26]} 16. g4 $2 {[%emt 1:03:21]} (16. g3 $11) 16... fxg4 {[%emt 0:45:20]} 17. h5 {[%emt 1:12:15] [#]} Ng8 $1 {[%emt 0:52:01]} 18. Nxg8 {[%emt 1:16:38]} Rxg8 {[%emt 0:52:06]} 19. a4 {[%emt 1:20:57]} (19. Kd2 {was worth a try.}) 19... Qf6 {[%emt 0:54:41]} 20. Qc2 {[%emt 1:23:18]} g3 {[%emt 0:59:55]} 21. O-O-O {[%emt 1:27:41]} Bg4 {[%emt 1:01:02]} 22. Rdg1 {[%emt 1:29:57]} Bf3 {[%emt 1:06:06]} 23. Rh3 {[%emt 1:30:23] [#]} e4 $1 {[%emt 1:06:36]} 24. Bxe4 {[%emt 1:33:39]} Bxe4 {[%emt 1:07:57]} 25. Qxe4 {[%emt 1:33:44]} gxf2 {[%emt 1:12:00]} 26. Rxg8+ Kxg8 {[%emt 1:12:01]} 27. Qg2+ {[%emt 1:34:15]} Kh8 {[%emt 1:12:12]} 28. Rf3 {[%emt 1:34:18]} Qxc3+ {[%emt 1:12:44]} 29. Kb1 {[%emt 1:34:27]} Qb3+ {[%emt 1:13:27]} 30. Ka1 {[%emt 1:34:37]} Qxa4+ {[%emt 1:13:57]} 31. Kb1 {[%emt 1:35:36]} Qd1+ {[%emt 1:14:47]} 32. Kb2 {[%emt 1:36:47]} Rg8 {[%emt 1:15:43]} 33. Qh3 {[%emt 1:39:06]} Qd2+ {[%emt 1:15:58]} 34. Kb3 {[%emt 1:39:38]} Qb4+ {[%emt 1:16:13]} 35. Kc2 Qxc4+ {[%emt 1:16:21]} 36. Kb2 {[%emt 1:40:29]} Rg4 {[%emt 1:16:46]} 37. Rxf7 {[%emt 1:41:17]} Qb4+ {[%emt 1:17:01]} 38. Kc2 {[%emt 1:41:31]} Rc4+ {[%emt 1:19:33]} 39. Kd3 {[%emt 1:42:51]} Qb3+ {[%emt 1:19:51]} 40. Ke2 {[%emt 1:43:03]} Rc2+ {[%emt 1:20:03]} 0-1

[Event "Kathmandu Open 2018"]
[Site "Kathmandu"]
[Date "2018.04.15"]
[Round "7"]
[White "Gajwa Ankit"]
[Black "Fominyh, Alexander"]
[Result "0-1"]
[WhiteElo "2292"]
[BlackElo "2391"]
[Annotator "ChessBase"]
[PlyCount "94"]
[EventDate "2018.??.??"]
[EventType "swiss"]
[EventCountry "NEP"]
[SourceTitle "playchess.com"]
[Source "ChessBase"]
[SourceQuality "1"]
[TimeControl "5400+30"]

1. e4 c5 2. Nf3 Nc6 3. d4 cxd4 4. Nxd4 e6 5. Nc3 a6 6. Nxc6 bxc6 7. Bd3 d5 8. O-O Nf6 9. Re1 Be7 10. e5 Nd7 11. Qg4 Kf8 12. Na4 Qa5 13. Bg5 Bxg5 14. Qxg5 h6 15. Qg4 c5 16. b3 Qc7 17. Qg3 Bb7 18. c4 d4 19. Nb2 Re8 20. f4 h5 21. Be4 Bxe4 22. Rxe4 h4 23. Qh3 Kg8 24. Nd3 Qc6 25. Re2 Nf8 26. Rf1 g6 27. Rf3 Nd7 28. Qg4 Qc7 29. Rh3 Qd8 30. Nf2 Kg7 31. Ne4 Rh5 32. Nd6 Reh8 33. Qf3 Qa8 34. Qxa8 Rxa8 35. g4 hxg3 36. Rxh5 gxh5 37. hxg3 a5 38. a4 Rb8 39. Nb5 f5 40. exf6+ Kxf6 41. Kf2 e5 42. Kf3 exf4 43. Kxf4 Rg8 44. Nc7 Rg4+ 45. Kf3 Ne5+ 46. Kf2 Nd3+ 47. Kg2 Nf4+ 0-1

[Event "Kathmandu Open 2018"]
[Site "Kathmandu"]
[Date "2018.04.15"]
[Round "7"]
[White "Navalgund, Niranjan"]
[Black "Mirzoev, Azer"]
[Result "0-1"]
[WhiteElo "2286"]
[BlackElo "2504"]
[Annotator "TA"]
[PlyCount "144"]
[EventDate "2018.??.??"]
[EventType "swiss"]
[EventCountry "NEP"]
[SourceTitle "playchess.com"]
[Source "ChessBase"]
[SourceQuality "1"]

{[%evp 26,144,0,-6,22,19,56,12,0,-33,-13,-60,-46,-62,-13,-85,-14,-20,0,-15,0,-85,-88,-80,-92,-102,-113,-114,-120,-150,-146,-167,-159,-169,-108,-107,-108,-163,-168,-219,-143,-128,-133,-135,-106,-120,-104,-131,-117,-130,-117,-117,-114,-125,-130,-110,-83,-82,-91,-94,-97,-125,-128,-112,-114,-188,-187,-202,-201,-222,-145,-250,-230,-225,-213,-212,-208,-254,-256,-291,-288,-277,-254,-243,-233,-234,-240,-522,-259,-237,-210,-234,-231,-529,-527,-515,-473,-886,-886,-861,-867,-855,-840,-860,-797,-811,-723,-1185,-1088,-1423,-1423,-1398,-1072,-1372,-1408,-12831,-7024,-12841,-12839,-12843,-12843]} 1. d4 d5 2. Nf3 Nf6 3. c4 e6 4. Nc3 Be7 5. Bg5 Nbd7 6. e3 h6 7. Bh4 O-O 8. Bd3 dxc4 9. Bxc4 a6 10. a4 c5 11. O-O cxd4 12. exd4 Nb6 {D60: Queen's Gambit Declined: Classical: Unusual White 7th moves} 13. Bb3 Bd7 14. a5 {LiveBook: 6 Games} Nc8 {[%cal Bb6c8,Bc8a7,Ba7b5][%mdl 32] The position is equal.} 15. Ne5 {[#]} Bc6 $146 ({Predecessor:} 15... Nd6 16. d5 exd5 17. Re1 Re8 18. Nxd7 Qxd7 19. Rxe7 Qxe7 20. Nxd5 {½-½ (30) Skembris,S (2545)-Graf,A (2580) Komotini 1993}) 16. Nxc6 bxc6 17. Ba4 Na7 18. Qe2 Nb5 19. Rfd1 Ra7 20. Bc2 (20. Bg3 $11 {keeps the balance.}) 20... g6 (20... Nxd4 $17 21. Qc4 c5 22. Bxf6 Bxf6) 21. Qc4 Qd7 22. Na4 Qd5 $36 {[%mdl 2048] Black has good play.} 23. Nb6 (23. Qxd5 $11 cxd5 24. f3) 23... Qxc4 $17 24. Nxc4 Rd8 25. Ne5 Nxd4 26. Ba4 c5 27. f3 Rb7 28. Rd2 Kg7 29. Bf2 Rd5 ({Black should try} 29... Nd5 $19 {aiming for ...Bg5.} 30. Nc6 Nxc6 31. Bxc6 Rc7) 30. Bxd4 Rxd4 31. Rc2 (31. Rxd4 $17 cxd4 32. Nd3) 31... Bf8 $19 32. Kf2 (32. Nc4 $142) 32... Rbb4 33. b3 Rd5 34. Nc4 g5 35. Ke2 Rb8 36. Bc6 Rdd8 37. Nb6 Bd6 38. Rd1 Bc7 39. Rxc5 Rxd1 40. Kxd1 Bxb6 (40... Bxh2 {feels hotter.} 41. Ba4 Rd8+ 42. Ke2 Bf4 43. Rc2 Nd5) 41. axb6 Rxb6 $17 {[%mdl 4096] Endgame KRB-KRN} 42. Kc2 Kf8 43. Ba4 Nd5 44. Rc8+ Kg7 45. g3 {[#]} (45. Kd2 $17) 45... Rd6 $1 $19 46. Be8 h5 47. Rb8 {intending Rb7.} Nf6 48. b4 (48. Rc8 $17 {is a better defense.}) 48... g4 49. fxg4 hxg4 ({Don't play} 49... Nxg4 50. Rb7 $17) 50. Ba4 Ne4 {Strongly threatening ...Rd2+.} 51. Kc1 f5 52. Bc2 Ng5 53. Bd1 Kf6 54. Be2 Ne4 55. Bf1 Ke5 56. Kc2 $2 {[#]} (56. Ra8) 56... Rc6+ (56... Rd2+ $142 57. Kc1 Rxh2 58. Bxa6 Nxg3) 57. Kb2 Nc3 58. Kb3 Nd5 59. Ka4 $2 (59. Bc4 {keeps fighting.}) 59... Rc1 {Black is clearly winning.} 60. Bg2 Rc2 61. Bf1 (61. Bxd5 $142 Kxd5 62. Rh8) 61... Rxh2 62. Kb3 Rf2 63. Bxa6 Rf3+ 64. Kb2 Rxg3 65. b5 Rg2+ 66. Ka3 Rg1 67. Bb7 g3 68. Rg8 Rb1 69. Bc6 f4 70. Rg5+ Kd6 71. Ka2 Re1 72. Rg7 Nb4+ {Precision: White = 34%, Black = 65%.} 0-1

[Event "Kathmandu Open 2018"]
[Site "Kathmandu"]
[Date "2018.04.15"]
[Round "7"]
[White "Patil, Pratik"]
[Black "Rajbhandari, Rijendra"]
[Result "1-0"]
[WhiteElo "2258"]
[BlackElo "1959"]
[Annotator "TA"]
[PlyCount "99"]
[EventDate "2018.??.??"]
[EventType "swiss"]
[EventCountry "NEP"]
[SourceTitle "playchess.com"]
[Source "ChessBase"]
[SourceQuality "1"]

{[%evp 9,99,27,29,27,19,10,23,8,32,46,91,85,90,84,98,105,196,190,195,190,197,179,176,171,172,176,183,125,126,126,139,131,131,119,122,127,126,112,113,109,208,207,250,246,300,305,290,249,252,234,296,291,328,331,439,444,470,486,502,495,494,486,588,588,578,571,798,775,765,745,720,726,771,737,1559,1365,2391,1956,29969,29970,29959,4610,4610,11351,29986,29987,29987,29987,29987,29988,29989,29989]} 1. e4 e5 2. Bc4 Nf6 3. d3 c6 4. Nf3 Be7 5. O-O (5. Bb3 d6 6. O-O O-O 7. Nbd2 Nbd7 8. c3 Nc5 9. Bc2 Bg4 10. Nc4 Bh5 11. Ne3 d5 12. Nf5 Re8 13. Qe2 Bf8 14. h3 Qc7 {½-½ (35) Svidler,P (2751)-Bu,X (2710) Tbilisi 2017}) 5... d5 6. exd5 {C24: Bishop's Opening: 2...Nf6} cxd5 7. Bb5+ Bd7 8. Bxd7+ {White has an edge.} Nbxd7 9. Re1 Qc7 {[#]} 10. Nxe5 $1 {[%mdl 512]} Nxe5 11. Bf4 Nfd7 12. d4 {Nc3 is the strong threat.} f6 (12... O-O $16) 13. Nc3 $146 ({Predecessor:} 13. dxe5 fxe5 {½-½ (57) Llacer,C (1660)-Benac,A (1520) Le Grand Bornand 2007}) 13... Qd6 14. dxe5 fxe5 15. Qxd5 O-O-O 16. Qc4+ Qc5 17. Qxc5+ Bxc5 {[#]} 18. Bg5 (18. Bg3 $1 $18) 18... Nf6 $16 19. Ne4 Bb6 20. Nxf6 gxf6 21. Bxf6 Bxf2+ 22. Kxf2 Rhf8 23. Rad1 Rxf6+ {[%mdl 4096] Endgame KRR-KRR} 24. Kg1 Rdf8 (24... Rxd1 $16 {keeps fighting.} 25. Rxd1 Kc7) 25. Rxe5 $18 Rf2 26. Re8+ Kc7 27. Rxf8 Rxf8 {KR-KR} 28. g3 Kc6 29. Kg2 a5 30. Rd2 a4 31. a3 b5 32. g4 b4 33. axb4 Rf4 34. Kg3 Rxb4 35. c3 Rb3 36. Kh4 Rb5 37. h3 Rd5 38. Rf2 Kd6 39. Rf6+ Ke5 40. Ra6 Rb5 41. Rxa4 Rxb2 42. Ra7 Rc2 43. Rxh7 Rxc3 44. Rf7 Ke6 45. Rf2 Rc7 46. g5 {[%cal Bg4g5,Bg5g6][%mdl 32]} Rf7 47. Rxf7 {White mates.} Kxf7 48. Kh5 Kg7 49. g6 Kg8 50. Kh6 {Precision: White = 88%, Black = 24%.} 1-0

[Event "Kathmandu Open 2018"]
[Site "Kathmandu"]
[Date "2018.04.15"]
[Round "7"]
[White "Subhayan Kundu"]
[Black "Harsha Bharathakoti"]
[Result "0-1"]
[WhiteElo "2079"]
[BlackElo "2424"]
[Annotator "TA"]
[PlyCount "62"]
[EventDate "2018.??.??"]
[EventType "swiss"]
[EventCountry "NEP"]
[SourceTitle "playchess.com"]
[Source "ChessBase"]
[SourceQuality "1"]

{[%evp 19,62,38,40,33,26,36,43,20,18,12,33,9,29,27,29,18,24,-35,-38,-28,-42,-47,-2,-70,-74,-77,-81,-83,-78,-258,-240,-563,-578,-727,-716,-712,-702,-693,-695,-682,-679,-674,-673,-595,-595]} 1. b3 Nf6 2. Bb2 g6 3. Nf3 Bg7 4. g3 O-O 5. Bg2 d6 6. d4 c5 7. O-O Nbd7 8. c4 cxd4 9. Nxd4 Nc5 10. Nc3 Bd7 {LiveBook: 6 Games. E65: King's Indian: Fianchetto: 6...c5 7 0-0 without d5 by White} (10... a6 11. Qd2 Rb8 12. Rfd1 Ne6 13. Nc2 b5 14. Nb4 Bb7 15. cxb5 axb5 16. Rac1 Bxg2 17. Kxg2 Qb6 18. Ncd5 Nxd5 19. Nxd5 Qb7 20. Rc6 Bxb2 21. Rb6 Qxd5+ {½-½ (21) Andreikin,D (2712)-Sachdev,T (2402) chess.com INT 2018}) 11. Qc2 Rc8 $146 ({Find the theoretical novelty and annotate with similar games:} 11... Rb8 12. Rad1 Ne6 13. Nxe6 Bxe6 14. Ne4 Bf5 15. Qd3 Bxe4 16. Bxe4 Nxe4 17. Bxg7 Kxg7 18. Qxe4 {½-½ (32) Davis,A-Pritchard,A Swansea 2006}) 12. Rad1 a6 {White is slightly better.} 13. Qb1 Qc7 14. Rfe1 Qb8 15. e4 b5 16. cxb5 axb5 17. Nd5 Rfe8 18. Qa1 (18. Nc2 $11) 18... e5 $15 19. Nxf6+ Bxf6 20. Ne2 Bg4 21. f3 ({Better is} 21. h3 $11 Bxe2 22. Rxe2) 21... Qb6 $36 {[%mdl 2048] White is under strong pressure.} 22. Kh1 {[#]} Nxe4 $1 {[%mdl 512]} 23. fxe4 {Threatens to win with Nc3.} Rc2 24. Rf1 $2 (24. h3 $17 Bxe2 25. Rc1) 24... Bxe2 $19 25. Rxf6 $2 (25. Rc1 {was the crucial defense.} Rxc1 26. Rxc1) 25... Bxd1 {Black is clearly winning.} 26. Bxe5 Qe3 {( -> ...Qe2)} (26... Rxe5 $2 {[#]} 27. Qxe5 $1 {[%mdl 512]} dxe5 28. Rxb6 $19) 27. Bd4 Qd2 {[%csl Gc2][%cal Rd2g2]} 28. Rf2 Be2 29. Bf1 Rc1 30. Rxe2 Qxe2 31. Qxc1 Qxe4+ {Precision: White = 30%, Black = 78%.} 0-1

[Event "Kathmandu Open 2018"]
[Site "Kathmandu"]
[Date "2018.04.15"]
[Round "7"]
[White "Kavinda, Akila"]
[Black "Llaneza Vega, Marcos"]
[Result "0-1"]
[WhiteElo "1996"]
[BlackElo "2422"]
[Annotator "TA"]
[PlyCount "44"]
[EventDate "2018.??.??"]
[EventType "swiss"]
[EventCountry "NEP"]
[SourceTitle "playchess.com"]
[Source "ChessBase"]
[SourceQuality "1"]

{[%evp 10,44,64,60,98,81,100,51,54,0,155,154,214,209,340,104,111,96,104,110,109,98,102,74,86,87,118,-672,-674,-1090,-1102,-1094,-1082,-1052,-1048,-1393,-1383]} 1. d4 Nf6 2. Nf3 c5 3. d5 b5 4. Bg5 Bb7 5. Bxf6 gxf6 6. e4 {[%cal Be2e4,Be4e5][%mdl 32] LiveBook: 6 Games. A43: Schmid Benoni} Qb6 (6... a6 7. a4 b4 8. a5 e6 9. Bc4 Bg7 10. c3 Qe7 11. O-O d6 12. cxb4 cxb4 13. Nd4 Bc8 14. Qg4 {1-0 (14) Rakhmangulov,A (2354)-Frolov,A (2418) Perm 2014}) 7. a4 f5 8. e5 {White is better.} bxa4 9. Nc3 (9. Bc4 $1 $14) 9... Bh6 $146 (9... Rg8 $1 $11) ({Predecessor:} 9... Na6 10. Ra2 Nb4 11. Rxa4 Rg8 12. g3 e6 13. Bc4 Rg4 {½-½ (21) Matlak,J-Gottardi,G ICCF corr 1994}) 10. Bd3 (10. Rxa4 $6 Qxb2 11. Qa1 Qxa1+ 12. Rxa1 Rg8 $14) 10... c4 (10... Na6 $16) 11. Bxf5 $18 a3 (11... Qxb2 $142 12. Ne4 (12. Nxa4 Qb4+ 13. c3 Qa5 $16) 12... Qb5) 12. O-O $2 ({Weaker is} 12. Rxa3 Qxb2 13. Qa1 Bc1 $11) (12. bxa3 $18 {And now Rb1 would win.} Qa5 13. Qd4) 12... axb2 $16 13. Rb1 Na6 {[%cal Bb8a6,Ba6c5,Bc5b3][%mdl 32]} 14. Na4 Qa5 15. Nxb2 {Bxd7+! is the strong threat.} ({Much less strong is} 15. Rxb2 Bxd5 16. Nc3 Bc6 $14) 15... Qxd5 {[#]} 16. Nxc4 $1 {[%mdl 512] Black must now prevent Bxd7+!} Nc5 {[#]} (16... Qxc4 17. Qxd7+) 17. Qe2 $1 {Hoping for Rfd1.} Rg8 18. Rb3 $2 {[%mdl 8192]} (18. Kh1 $16) 18... Nxb3 $19 {Black is clearly winning.} 19. Nd6+ exd6 20. exd6+ Kf8 {Threatens to win with ...Rxg2+.} 21. Qe7+ Kg7 22. cxb3 Qxf5 {Precision: White = 30%, Black = 35%.} 0-1

[Event "Kathmandu Open 2018"]
[Site "Kathmandu"]
[Date "2018.04.15"]
[Round "7"]
[White "Puri, Rajan"]
[Black "Kaustuv, Kundu"]
[Result "0-1"]
[WhiteElo "1994"]
[BlackElo "2381"]
[Annotator "NA"]
[PlyCount "58"]
[EventDate "2018.??.??"]
[EventType "swiss"]
[EventCountry "NEP"]
[SourceTitle "playchess.com"]
[Source "ChessBase"]
[SourceQuality "1"]
[TimeControl "5400+30"]

{[%evp 29,58,0,24,0,10,16,18,-21,-7,-29,-17,-45,-53,-53,-52,-43,-47,-54,-50,-80,-72,-75,80,-37,-7,-9,-8,-22,10,14,234]} 1. e4 c5 2. Nf3 e6 3. c4 Nc6 4. d4 cxd4 5. Nxd4 Nf6 6. Nc3 Bb4 7. Nxc6 bxc6 8. Bd3 e5 9. O-O O-O 10. f4 {B44: Sicilian: Taimanov: 5 Nb5} (10. Be3 d5 11. exd5 Bxc3 12. bxc3 cxd5 13. Bg5 dxc4 14. Bxc4 Qc7 15. Bxf6 Qxc4 16. Bxe5 Bf5 17. Bd4 Rfe8 18. Qc1 {½-½ (31) Nakamura,H (2781)-So,W (2788) London 2017}) 10... d6 11. Kh1 Ng4 12. Qe1 exf4 $146 ({Predecessor:} 12... Bxc3 13. bxc3 exf4 14. Bxf4 Ne5 15. Qg3 c5 16. Be2 Qe7 17. Rad1 Bb7 {0-1 (39) Czerniak,M-Bolbochan,J Mar del Plata 1941}) 13. Bxf4 Ne5 14. Be2 {[%emt 0:57:04]} Be6 {[%emt 0:08:44]} 15. a3 {[%emt 0:59:53]} Ba5 {[%emt 0:09:57]} 16. c5 {[%emt 1:02:55]} Bc7 {[%emt 0:10:14]} 17. Rd1 {[%emt 1:04:51]} Qe7 {[%emt 0:10:35]} 18. cxd6 {[%emt 1:06:07]} Bxd6 {[%emt 0:10:43]} 19. Qg3 {[%emt 1:09:53]} f6 {[%emt 0:10:49]} 20. h4 {[%emt 1:22:09]} Kh8 {[%emt 0:12:23]} 21. b4 {[%emt 1:25:40]} a5 {[%emt 0:15:59]} 22. b5 $1 {[%emt 1:29:47]} cxb5 23. Nxb5 {[%emt 1:30:02]} Bc5 {[%emt 0:17:24]} 24. Rc1 {[%emt 1:33:20]} a4 {[%emt 0:22:45]} 25. Rc3 {[%emt 1:34:46]} Ng6 $2 {[%emt 0:27:22] [#]} (25... Rac8 $17 {keeps the pressure on.}) 26. Bc1 {[%emt 1:38:49]} (26. Bc7 $1 $16 Ne5 27. Rfc1) 26... Bb3 {[%emt 0:29:06]} 27. h5 $1 {[%emt 1:39:23]} Ne5 {[%emt 0:29:26]} 28. Bf4 {[%emt 1:42:18]} Nf7 {[%emt 0:39:11]} 29. Rfc1 {[%emt 1:42:48]} Bxa3 $18 {[%emt 0:40:56] -error} (29... Bb6 $11) 0-1

[Event "Kathmandu Open 2018"]
[Site "Kathmandu"]
[Date "2018.04.15"]
[Round "7"]
[White "Chaulagain, Purushottam"]
[Black "Thing, Bibek"]
[Result "0-1"]
[WhiteElo "1967"]
[BlackElo "2263"]
[Annotator "TA"]
[PlyCount "63"]
[EventDate "2018.??.??"]
[EventType "swiss"]
[EventCountry "NEP"]
[SourceTitle "playchess.com"]
[Source "ChessBase"]
[SourceQuality "1"]

{[%evp 12,63,-4,-7,0,-6,-12,-5,0,-14,-6,0,0,-38,8,-20,-27,-11,-3,-16,0,0,0,-22,0,-27,-14,-12,0,0,0,0,0,-29,-31,-31,-32,-34,-23,-39,-8,-28,0,0,8,8,2,2,8,7,6,-37,0,-55]} 1. Nf3 Nf6 2. c4 e6 {[%cal Be7e6,Be6d5][%mdl 32]} 3. g3 d5 4. cxd5 exd5 5. Bg2 Bd6 6. O-O O-O 7. Nc3 {LiveBook: 10 Games. A13: English Opening: 1...e6} h6 (7... Re8 8. d3 h6 9. Qc2 c5 10. e4 Nc6 11. Nxd5 Nxd5 12. exd5 Nb4 13. Qb3 Bf5 14. Ne1 Qc7 {0-1 (41) Aronian,L (2750)-Kramnik,V (2759) Nice 2009}) 8. b3 $146 ({Predecessor:} 8. d4 Re8 9. Ne5 Nc6 10. Nxc6 bxc6 11. Qc2 Rb8 12. a3 Ba6 13. b4 Bc4 14. Re1 a5 {0-1 (30) Beavan,R (1851)-Cannon,A ICCF email 2009}) 8... Re8 9. Bb2 c6 10. d3 Bg4 11. h3 Bf5 12. Qd2 Nbd7 13. Rfe1 Ne5 14. Nd4 Bh7 15. Rad1 Qb6 16. Na4 Qa6 17. e4 Ned7 18. Nf5 Bxf5 19. exf5 b5 {[%cal Bb7b5,Bb5b4,Bb4a3][%mdl 32]} 20. Nc3 Bb4 {[#] Threatens to win with ...d4.} 21. Rxe8+ Rxe8 22. a3 Bxa3 {Hoping for ...Nc5.} 23. Ra1 b4 {And now ...Nc5 would win.} 24. Bxa3 bxa3 25. Na4 $1 Ne5 26. Nc5 Qb5 27. Qc3 Nfd7 28. Nxd7 Nxd7 29. Rxa3 Qb6 30. Ra2 Rb8 31. Qe1 Nf6 32. Qe7 {Precision: White = 48%, Black = 65%.} (32. Bf1 $11) 0-1

[Event "Kathmandu Open 2018"]
[Site "Kathmandu"]
[Date "2018.04.15"]
[Round "7"]
[White "Tamang Thendup"]
[Black "Neelash Saha"]
[Result "0-1"]
[WhiteElo "1953"]
[BlackElo "2212"]
[Annotator "ChessBase"]
[PlyCount "106"]
[EventDate "2018.??.??"]
[EventType "swiss"]
[EventCountry "NEP"]
[SourceTitle "playchess.com"]
[Source "ChessBase"]
[SourceQuality "1"]
[TimeControl "5400+30"]

1. e4 c5 2. c3 Nf6 3. e5 Nd5 4. d4 cxd4 5. cxd4 d6 6. Nf3 Nc6 7. Bc4 Nb6 8. Bb5 Bd7 9. exd6 e6 10. Nc3 Bxd6 11. O-O Nb4 12. Bg5 Be7 13. Bxd7+ Qxd7 14. Ne5 Qd8 15. Bxe7 Qxe7 16. a3 N4d5 17. Nxd5 Nxd5 18. Qa4+ Kf8 19. Rac1 g6 20. Rc2 Kg7 21. Rfc1 Rhd8 22. Nf3 Rd6 23. Qb5 Rad8 24. Qe2 f6 25. Qe4 R8d7 26. h4 Qf7 27. g3 Ne7 28. Re1 Nc6 29. Kg2 h5 30. Rce2 Qg8 31. Qc2 Ne7 32. Qb3 Rb6 33. Qa4 Rc7 34. Rc2 Rxc2 35. Qxc2 Qd8 36. Re2 Rd6 37. Qb3 Qd7 38. Rd2 Nf5 39. Qc3 Ne7 40. Re2 Qc6 41. Qxc6 Nxc6 42. Rd2 Rd5 43. Kf1 g5 44. hxg5 fxg5 45. Re2 Kf6 46. Rc2 g4 47. Nh4 Rxd4 48. Ng2 e5 49. Ne3 Ke6 50. Rc5 Rd2 51. b4 Rd3 52. b5 Nd4 53. Rc7 Rxa3 0-1

[Event "Kathmandu Open 2018"]
[Site "Kathmandu"]
[Date "2018.04.15"]
[Round "7"]
[White "Tandukar, Nabin"]
[Black "Mohammed Abdul, Malek"]
[Result "1-0"]
[WhiteElo "1936"]
[BlackElo "2177"]
[Annotator "TA"]
[PlyCount "61"]
[EventDate "2018.??.??"]
[EventType "swiss"]
[EventCountry "NEP"]
[SourceTitle "playchess.com"]
[Source "ChessBase"]
[SourceQuality "1"]

{[%evp 14,60,45,29,40,39,42,35,67,78,156,39,62,-8,52,47,55,30,27,20,59,43,39,39,30,-55,0,-52,-34,-56,-49,-51,-35,-52,-64,-360,-356,-330,61,-547,-555,-545,-537,-762,29997,29998,29998,29999,29999]} 1. e4 c5 2. Nf3 d6 3. d4 cxd4 4. Nxd4 Nf6 5. Nc3 a6 6. Bc4 g6 7. f3 {B90: Sicilian Najdorf: Unusual White 6th moves, 6 Be3 Ng4 and 6 Be3 e5} Bg7 8. Bb3 {LiveBook: 3 Games} (8. Be3 O-O 9. Qd2 Nc6 10. O-O-O Bd7 11. h4 b5 12. Bb3 Na5 13. h5 Nxb3+ 14. axb3 b4 15. Nce2 a5 16. g4 a4 17. Bh6 e5 18. Bxg7 Kxg7 19. bxa4 Rxa4 20. Nb3 Be6 21. Kb1 Ra6 22. Qxb4 Qc7 23. hxg6 fxg6 24. Nec1 Rfa8 25. Rh2 Bc4 26. g5 Ne8 {0-1 (26) Lanc,A (2524)-Wilczek,T (2667) ICCF email 2010}) 8... O-O 9. Be3 {White is slightly better.} Nbd7 10. Qd2 b5 11. a4 bxa4 (11... b4 $142 12. Nd5 Bb7) 12. Nxa4 (12. Nc6 $16 Qe8 13. Bxa4 (13. Rxa4 Nc5 $11)) 12... Bb7 13. Bh6 $146 (13. h4 $14) ({Predecessor:} 13. O-O Qc7 14. Kh1 Rfd8 15. c3 Nc5 16. Bc2 Nfd7 {½-½ (47) Ankerst,M (2052)-Khamenya,V (1842) Germany 2018}) 13... e5 (13... Bxh6 $11 14. Qxh6 d5) 14. Bxg7 $1 $14 Kxg7 15. Ne2 Nb6 16. Nec3 Rc8 17. Nxb6 Qxb6 18. O-O-O Rfd8 19. Kb1 (19. h4 $1 $11) 19... Rb8 (19... Bc6 $15) 20. g4 (20. Na4 $11 Qc7 21. Qc3) 20... Bc6 $1 $15 21. h4 h5 $1 22. g5 Ne8 $1 23. f4 {[#] And now Rhf1 would win.} a5 $1 {[%cal Ba6a5,Ba5a4][%mdl 32] Threatens to win with ...a4!} 24. fxe5 $2 {[%mdl 8192]} ({White should try} 24. Qc1 $1 $15) 24... a4 $1 $19 25. e6 fxe6 $2 (25... axb3 $19 26. exf7 Kxf7 27. Rhf1+ Kg8) 26. Rhf1 $2 {[%mdl 8192]} (26. Nxa4 $14 {was forced to keep a grip.} Bxa4 27. Qc3+ e5 28. Bxa4) 26... axb3 27. cxb3 Rd7 28. Qf4 {Threatening mate with Qf8+.} Qxb3 $4 {[%mdl 8192] [#]} (28... Kh7 $19 29. Qd2 Qxb3) 29. Qf8+ {White mates.} Kh7 30. Qh6+ Kg8 31. Rf8# {Precision: White = 36%, Black = 38%.} 1-0